Statistics for Countries with K in Their Name

Click here to take the quiz!

General Stats

  • This quiz has been taken 2,027 times
    (2,012 since last reset)
  • The average score is 13 of 20

Answer Stats

ContinentCountry% Correct
AfricaKenya
87%
AsiaKazakhstan
79%
EuropeUnited Kingdom
73%
OceaniaKiribati
72%
AsiaKuwait
71%
AsiaNorth Korea
71%
AsiaSouth Korea
71%
AsiaKyrgyzstan
70%
EuropeKosovo
69%
AsiaTurkey
68%
AsiaPakistan
65%
AsiaTurkmenistan
65%
EuropeUkraine
63%
AsiaUzbekistan
63%
AsiaTajikistan
59%
EuropeDenmark
57%
EuropeSlovakia
56%
North AmericaSaint Kitts and Nevis
54%
AsiaSri Lanka
45%
AfricaBurkina Faso
42%

Score Distribution

Percentile by Number Answered

Percent of People with Each Score

Your Score History

You have not taken this quiz since the last reset